[Event "Titled Tue 27th May Early"]
[Site "chess.com INT"]
[Date "2025.05.27"]
[Round "5"]
[White "Sydoryka, Vladyslav"]
[Black "Jacobsen, Mikkel Manosri"]
[Result "1-0"]
[WhiteTitle "FM"]
[BlackTitle "FM"]
[WhiteElo "2224"]
[BlackElo "2223"]
[WhiteFideId "14145928"]
[BlackFideId "1444514"]
[EventDate "2025.05.27"]

1. c4 c5 2. g3 Nc6 3. Bg2 g6 4. Nc3 Bg7 5. Nf3 e6 6. d4 cxd4 7. Nb5 d5 8. cxd5
Qa5+ 9. Nd2 Qxb5 10. dxc6 Ne7 11. a4 Qb4 12. b3 Nxc6 13. Ba3 Qa5 14. O-O Bf8 15.
Nc4 Qc7 16. Bxc6+ bxc6 17. Qxd4 Rg8 18. Nd6+ Bxd6 19. Bxd6 Qb7 20. Rfd1 c5 21.
Bxc5 Bd7 22. b4 Bc6 23. Qf6 Bd5 24. Ra3 Rc8 25. Rxd5 1-0

[Event "Titled Tue 27th May Early"]
[Site "chess.com INT"]
[Date "2025.05.27"]
[Round "5"]
[White "Dubnevych, Maksym"]
[Black "Panda, Sambit"]
[Result "1-0"]
[WhiteTitle "FM"]
[BlackTitle "IM"]
[WhiteElo "2292"]
[BlackElo "2369"]
[WhiteFideId "14184001"]
[BlackFideId "25091794"]
[EventDate "2025.05.27"]

1. Nc3 d5 2. e4 c6 3. d4 dxe4 4. Nxe4 Nf6 5. Nxf6+ exf6 6. c3 Na6 7. Bd3 Bd6 8.
Ne2 O-O 9. O-O Nc7 10. c4 Bg4 11. Qc2 g6 12. Nc3 Re8 13. Be3 Rc8 14. Rae1 b5 15.
b3 Be6 16. Ne4 Bf8 17. Rd1 f5 18. Nc5 Qh4 19. g3 Qh3 20. Rfe1 Rcd8 21. Bf1 Qh5
22. Nd3 g5 23. Bg2 bxc4 24. bxc4 Bd7 25. Ne5 c5 26. Nxd7 Rxd7 27. Bc6 Rdd8 28.
Bxe8 Rxe8 29. Qxf5 h6 30. d5 Qg6 31. Qxg6+ fxg6 32. Bd2 Rd8 33. Ba5 Rd7 34. Bxc7
Rxc7 1-0

[Event "Titled Tue 27th May Early"]
[Site "chess.com INT"]
[Date "2025.05.27"]
[Round "5"]
[White "Baskakov, Egor"]
[Black "Bluebaum, Matthias"]
[Result "0-1"]
[WhiteTitle "CM"]
[BlackTitle "GM"]
[WhiteElo "2215"]
[BlackElo "2660"]
[WhiteFideId "24197866"]
[BlackFideId "24651516"]
[EventDate "2025.05.27"]

1. e4 e6 2. g3 d5 3. Bg2 Nf6 4. Nc3 Be7 5. d4 O-O 6. Nge2 dxe4 7. Nxe4 Nxe4 8.
Bxe4 Nd7 9. O-O c6 10. c4 Nf6 11. Bg2 Qc7 12. Bf4 Bd6 13. Bxd6 Qxd6 14. Qb3 e5
15. dxe5 Qxe5 16. Nf4 Qc7 17. c5 Bf5 18. Rfe1 Rad8 19. Qb4 Rfe8 20. h3 h6 21. a3
a5 22. Qc3 Be4 23. Rad1 Rxd1 24. Rxd1 Bxg2 25. Kxg2 Qe7 26. h4 g5 27. hxg5 hxg5
28. Nh3 Qe4+ 29. Kg1 Qf5 30. Kg2 Re2 31. b4 axb4 32. axb4 Nd5 33. Qf3 Ne3+ 34.
Qxe3 Rxe3 35. Rd8+ Kg7 36. fxe3 Qe4+ 37. Kf2 g4 38. Ng1 Qxb4 39. Rd4 Qxc5 40.
Rxg4+ Kf8 41. Ne2 b5 0-1

[Event "Titled Tue 27th May Early"]
[Site "chess.com INT"]
[Date "2025.05.27"]
[Round "5"]
[White "Zhou, Yuxu"]
[Black "Idani, Pouya"]
[Result "0-1"]
[WhiteTitle "CM"]
[BlackTitle "GM"]
[WhiteElo "2087"]
[BlackElo "2630"]
[WhiteFideId "8626421"]
[BlackFideId "12510130"]
[EventDate "2025.05.27"]

1. d4 Nf6 2. Bg5 d5 3. e3 c5 4. Bxf6 gxf6 5. dxc5 e6 6. Nf3 Bxc5 7. Be2 Nc6 8.
O-O O-O 9. c4 dxc4 10. Qc2 f5 11. Qxc4 Be7 12. Nc3 Bf6 13. Rfd1 Qb6 14. Rab1 Qb4
15. Qd3 Rd8 16. Qc2 Bd7 17. a3 Qe7 18. e4 f4 19. Bb5 a6 20. Bxc6 Bxc6 21. e5
Bxf3 22. exf6 Bxd1 23. fxe7 Bxc2 24. exd8=Q+ Rxd8 25. Rc1 Rd2 26. h4 Kg7 27. Kf1
Bd3+ 28. Kg1 Rxb2 29. Rd1 Bf5 30. Rd4 Rb3 31. Ne2 e5 32. Rd5 Kf6 33. g3 Rb1+ 0-1

[Event "Titled Tue 27th May Early"]
[Site "chess.com INT"]
[Date "2025.05.27"]
[Round "5"]
[White "Salimova, Asal"]
[Black "Atis, Hasan"]
[Result "0-1"]
[WhiteTitle "WCM"]
[BlackTitle "CM"]
[WhiteElo "2003"]
[BlackElo "2089"]
[WhiteFideId "14204940"]
[BlackFideId "44598017"]
[EventDate "2025.05.27"]

1. d4 d5 2. Bf4 Nf6 3. c4 e6 4. Nc3 Bb4 5. a3 Bxc3+ 6. bxc3 O-O 7. e3 c5 8. cxd5
exd5 9. Bd3 Nc6 10. Ne2 Bg4 11. O-O Re8 12. h3 Bh5 13. Rb1 c4 14. Bc2 Qd7 15.
Qd2 Na5 16. Rb4 b6 17. Ba4 Nc6 18. Be5 Ne4 19. Qc2 Bxe2 20. Qxe2 Nxc3 21. Qc2
Nxb4 22. Bxd7 Nxc2 23. Bxe8 Rxe8 24. Kh2 Nxa3 25. Ra1 Nab5 26. g4 a5 27. Kg3 a4
28. h4 a3 29. h5 f6 30. Bf4 Ne2+ 31. Kf3 Nxf4 32. Kxf4 c3 33. h6 c2 34. hxg7 Rc8
35. Rc1 a2 36. Kf5 Kxg7 37. g5 fxg5 38. Kxg5 a1=Q 39. Rxa1 c1=Q 40. Rxc1 Rxc1
41. Kf5 Rf1 42. f4 Nxd4+ 43. exd4 b5 44. Ke5 b4 45. Kxd5 b3 46. Kc4 b2 47. Kb3
b1=Q+ 48. Ka3 Rf2 49. d5 Ra2# 0-1

[Event "Titled Tue 27th May Early"]
[Site "chess.com INT"]
[Date "2025.05.27"]
[Round "5"]
[White "Terlouw, Wouter"]
[Black "Karvatskyi, Oleksii"]
[Result "0-1"]
[WhiteTitle "CM"]
[BlackTitle "CM"]
[WhiteElo "2227"]
[BlackElo "2248"]
[WhiteFideId "1087401"]
[BlackFideId "14191059"]
[EventDate "2025.05.27"]

1. b3 Nf6 2. Bb2 Nc6 3. g4 Nxg4 4. Nf3 d5 5. c4 d4 6. e3 e5 7. exd4 exd4 8. Qe2+
Be7 9. Na3 O-O 10. O-O-O Bf5 11. h3 Bxa3 12. Bxa3 Re8 13. hxg4 Rxe2 14. Bxe2 d3
15. gxf5 dxe2 16. Rdg1 Qd3 17. Bb2 Qxf3 18. Rxg7+ Kf8 19. Rgg1 Nb4 20. Ba3 c5
21. Bxb4 cxb4 22. Rxh7 Qxf2 23. Rhh1 Re8 24. Re1 Ke7 25. d3 Qe3+ 26. Kc2 Kf6 27.
Rh5 Rd8 28. Rh2 Qxd3+ 0-1

[Event "Titled Tue 27th May Early"]
[Site "chess.com INT"]
[Date "2025.05.27"]
[Round "5"]
[White "Andriienko, Artom"]
[Black "Tristan, Leonardo"]
[Result "0-1"]
[BlackTitle "GM"]
[WhiteElo "2153"]
[BlackElo "2536"]
[WhiteFideId "34129510"]
[BlackFideId "113816"]
[EventDate "2025.05.27"]

1. e4 d5 2. Nc3 dxe4 3. Nxe4 Bf5 4. Ng3 Bg6 5. h4 h6 6. h5 Bh7 7. Nf3 Nd7 8. d4
e6 9. a3 Ngf6 10. Bd3 Bxd3 11. Qxd3 Be7 12. Bd2 O-O 13. O-O-O c5 14. Kb1 Rc8 15.
dxc5 Nxc5 16. Qxd8 Rfxd8 17. Bb4 Nd5 18. Bxc5 Bxc5 19. Ne4 Bb6 20. g4 Rc4 21.
Rhe1 Rxe4 22. Rxe4 Nc3+ 23. bxc3 Rxd1+ 24. Kb2 Bxf2 25. Ne5 Rd5 26. Nxf7 Bg3 27.
Re3 Bc7 28. Rf3 Rd7 29. Nxh6+ gxh6 30. Rf6 e5 31. Rxh6 Rg7 32. Re6 Rxg4 33. h6
Kf7 34. h7 Rh4 0-1

[Event "Titled Tue 27th May Early"]
[Site "chess.com INT"]
[Date "2025.05.27"]
[Round "5"]
[White "Carrasco Miranda, Andres"]
[Black "Rushbrooke, Remy"]
[Result "0-1"]
[WhiteTitle "CM"]
[WhiteElo "2211"]
[BlackElo "2090"]
[WhiteFideId "3405990"]
[BlackFideId "443590"]
[EventDate "2025.05.27"]

1. Nf3 d5 2. c4 c6 3. d4 Nf6 4. Qb3 e6 5. Bg5 Be7 6. Nc3 h6 7. Bh4 O-O 8. e3
Nbd7 9. Be2 b6 10. O-O Bb7 11. Rfd1 Rc8 12. a4 c5 13. cxd5 Nxd5 14. Bxe7 Qxe7
15. a5 cxd4 16. Nxd4 Nc5 17. Nxd5 Bxd5 18. Qa3 Qg5 19. Bf3 Bxf3 20. Nxf3 Qf6 21.
axb6 axb6 22. Nd4 Rfd8 23. Qb4 e5 24. Ne2 Nd3 25. Rxd3 Rxd3 26. Ng3 Rcd8 27. h3
Rd1+ 28. Rxd1 Rxd1+ 29. Kh2 Qxf2 30. h4 Rg1 31. Qe4 Re1 32. h5 Rxe3 33. Qa8+ Kh7 0-1

[Event "Titled Tue 27th May Early"]
[Site "chess.com INT"]
[Date "2025.05.27"]
[Round "5"]
[White "Akobian, Varuzhan"]
[Black "Begunov, Konstantin"]
[Result "1-0"]
[WhiteTitle "GM"]
[BlackTitle "FM"]
[WhiteElo "2564"]
[BlackElo "2325"]
[WhiteFideId "13300580"]
[BlackFideId "4118510"]
[EventDate "2025.05.27"]

1. d4 d5 2. c4 c6 3. cxd5 cxd5 4. Nf3 Nf6 5. Nc3 Nc6 6. Bf4 a6 7. Rc1 Bf5 8. e3
e6 9. Qb3 Bb4 10. Ne5 Bxc3+ 11. bxc3 Na5 12. Qb4 Rc8 13. Be2 Ne4 14. O-O Nd6 15.
g4 Be4 16. f3 f6 17. fxe4 fxe5 18. Bxe5 Nxe4 19. Bxg7 Rg8 20. Be5 Nc6 21. Qxb7
Nxe5 22. dxe5 Rc7 23. Qxa6 Rcg7 24. Qxe6+ Qe7 25. Qxd5 Rxg4+ 26. Bxg4 Rxg4+ 27.
Kh1 Qh4 28. Qf7+ Kd8 29. Rfd1+ Kc8 30. Qd7+ Kb8 31. Rb1+ Ka8 32. Qb7# 1-0

[Event "Titled Tue 27th May Early"]
[Site "chess.com INT"]
[Date "2025.05.27"]
[Round "5"]
[White "Goltsev, Dmitry"]
[Black "Vusatiuk, Vladimir"]
[Result "1-0"]
[WhiteTitle "FM"]
[BlackTitle "IM"]
[WhiteElo "2183"]
[BlackElo "2286"]
[WhiteFideId "24176710"]
[BlackFideId "14118610"]
[EventDate "2025.05.27"]

1. e4 c5 2. Nf3 Nc6 3. d4 cxd4 4. Nxd4 g6 5. Nb3 Bg7 6. Nc3 Nf6 7. Be2 O-O 8. h4
h5 9. Bg5 d6 10. Qd2 Bd7 11. O-O-O a5 12. a3 a4 13. Na1 Qb6 14. f3 Rfc8 15. Rhg1
Na5 16. Be3 Qc7 17. g4 Nc4 18. Bxc4 Qxc4 19. gxh5 Nxh5 20. Bd4 b5 21. Kb1 b4 22.
axb4 Qxb4 23. Nd5 Qxd2 24. Rxd2 Kf8 25. Nb6 a3 26. Nxd7+ Kg8 27. Nb6 Bxd4 28.
Rxd4 axb2 29. Kxb2 Rab8 30. Rb4 Rc6 31. Nd5 Rxb4+ 32. Nxb4 Rb6 33. c3 Nf4 34.
Nb3 Nd3+ 35. Nxd3 Kg7 36. Ra1 Kf6 37. Ra7 e5 38. Nb4 Ke6 39. Nd5 Rb5 40. Re7# 1-0

[Event "Titled Tue 27th May Early"]
[Site "chess.com INT"]
[Date "2025.05.27"]
[Round "5"]
[White "Aslanov, Umid"]
[Black "Slovineanu, Viacheslav"]
[Result "1-0"]
[WhiteTitle "FM"]
[BlackTitle "IM"]
[WhiteElo "2324"]
[BlackElo "2412"]
[WhiteFideId "13412620"]
[BlackFideId "13900510"]
[EventDate "2025.05.27"]

1. e4 c6 2. d4 d5 3. Nd2 dxe4 4. Nxe4 Nf6 5. Nxf6+ exf6 6. c3 Bd6 7. Bd3 Na6 8.
Qc2 h5 9. Ne2 Nc7 10. O-O Kf8 11. c4 g6 12. b3 Kg7 13. Bb2 a5 14. Nc3 Re8 15.
Rfe1 Bd7 16. Ne4 Be7 17. h3 Bf5 18. Ng3 Bxd3 19. Qxd3 a4 20. Rad1 axb3 21. axb3
Bb4 22. Rxe8 Qxe8 23. d5 cxd5 24. cxd5 Bd6 25. Bxf6+ Kxf6 26. Ne4+ Ke7 27. Re1
Qb5 28. Nc3+ 1-0

[Event "Titled Tue 27th May Early"]
[Site "chess.com INT"]
[Date "2025.05.27"]
[Round "5"]
[White "Robert, Yoann"]
[Black "Suvradeepta, Das"]
[Result "1-0"]
[WhiteTitle "CM"]
[BlackTitle "FM"]
[WhiteElo "2198"]
[BlackElo "2254"]
[WhiteFideId "36018805"]
[BlackFideId "5058031"]
[EventDate "2025.05.27"]

1. b3 Nf6 2. Bb2 e6 3. e3 d5 4. Nf3 Be7 5. c4 O-O 6. Nc3 b6 7. cxd5 Nxd5 8. Qc2
Ba6 9. Bxa6 Nxa6 10. a3 c5 11. h4 Rc8 12. Ng5 g6 13. Nxd5 Qxd5 14. Qc3 f6 15. e4
Qc6 16. h5 Nc7 17. hxg6 hxg6 18. Qh3 1-0

[Event "Titled Tue 27th May Early"]
[Site "chess.com INT"]
[Date "2025.05.27"]
[Round "5"]
[White "Janukshan, B"]
[Black "Bodemar, Jonathan"]
[Result "0-1"]
[WhiteTitle "CM"]
[BlackTitle "CM"]
[WhiteElo "1967"]
[BlackElo "2150"]
[WhiteFideId "29945399"]
[BlackFideId "6205488"]
[EventDate "2025.05.27"]

1. d4 Nf6 2. Nf3 d5 3. e3 c5 4. b3 cxd4 5. exd4 Bg4 6. Be2 Nc6 7. O-O e6 8. h3
Bh5 9. Bb2 Rc8 10. Nbd2 Bd6 11. c4 dxc4 12. bxc4 O-O 13. Nb3 Re8 14. a3 Bb8 15.
Ne5 Bxe2 16. Qxe2 Qb6 17. Nxc6 Qxc6 18. Rac1 Red8 19. d5 exd5 20. cxd5 Qd6 21.
g3 Nxd5 22. Rxc8 Rxc8 23. Qg4 Qf8 24. Bxg7 f5 25. Qd4 Qf7 26. Be5 Nc3 27. Bxb8
Ne2+ 0-1

[Event "Titled Tue 27th May Early"]
[Site "chess.com INT"]
[Date "2025.05.27"]
[Round "5"]
[White "Al-Tarboush, Ward"]
[Black "Birkisson, Bjorn Holm"]
[Result "1-0"]
[WhiteTitle "FM"]
[BlackTitle "CM"]
[WhiteElo "2223"]
[BlackElo "2123"]
[WhiteFideId "7601450"]
[BlackFideId "2310600"]
[EventDate "2025.05.27"]

1. e4 c5 2. Nf3 Nc6 3. d4 cxd4 4. Nxd4 e5 5. Nb5 d6 6. c4 Be6 7. N1c3 a6 8. Na3
g6 9. Be3 Bg7 10. Nc2 Nf6 11. Be2 O-O 12. O-O Rc8 13. Rc1 Na5 14. b3 b5 15. Nd5
Bxd5 16. exd5 bxc4 17. b4 Nb7 18. Na3 a5 19. b5 Nc5 20. Nxc4 a4 21. b6 Qd7 22.
Nxe5 dxe5 23. Bxc5 Rfd8 24. d6 Ne4 25. Bb4 Rxc1 26. Qxc1 Nxd6 27. Rd1 Bf8 28.
Qc7 Qxc7 29. bxc7 Rc8 30. Rxd6 Rxc7 31. Rd8 Rc1+ 32. Bf1 1-0

[Event "Titled Tue 27th May Early"]
[Site "chess.com INT"]
[Date "2025.05.27"]
[Round "5"]
[White "Zhukovskyi, Oleksandr"]
[Black "Suleymanli, Suleyman"]
[Result "0-1"]
[WhiteTitle "CM"]
[BlackTitle "FM"]
[WhiteElo "2153"]
[BlackElo "2322"]
[WhiteFideId "14169371"]
[BlackFideId "13416375"]
[EventDate "2025.05.27"]

1. e4 e6 2. d4 d5 3. Nc3 Nf6 4. Bg5 Be7 5. e5 Nfd7 6. h4 Bxg5 7. hxg5 Qxg5 8.
Nh3 Qh4 9. g3 Qe7 10. Qg4 g6 11. O-O-O a6 12. Nf4 Nc6 13. Ncxd5 exd5 14. Nxd5
Nb6 15. Qxc8+ Rxc8 16. Nxe7 Kxe7 17. Bg2 Rcd8 18. c3 Nd5 19. c4 Nb6 20. d5 Nxe5
21. c5 Nbd7 22. f4 Ng4 23. Rhe1+ Kf6 24. Rd3 Nxc5 25. Rc3 b6 26. b4 Na4 27. Rc6+
Rd6 28. Rxc7 Nh6 29. Ree7 Rc8 0-1

[Event "Titled Tue 27th May Early"]
[Site "chess.com INT"]
[Date "2025.05.27"]
[Round "5"]
[White "So, Wesley"]
[Black "Sturt, Raven"]
[Result "1-0"]
[WhiteTitle "GM"]
[BlackTitle "GM"]
[WhiteElo "2751"]
[BlackElo "2459"]
[WhiteFideId "5202213"]
[BlackFideId "2007304"]
[EventDate "2025.05.27"]

1. b3 d5 2. Bb2 Nf6 3. Nf3 e6 4. e3 Be7 5. g4 h6 6. h4 c5 7. Rg1 d4 8. g5 hxg5
9. hxg5 Nd5 10. exd4 Nc6 11. dxc5 e5 12. Nxe5 Kf8 13. Qf3 Nxe5 14. Bxe5 Nb4 15.
Bc4 Qe8 16. Kd1 Rh3 17. Qf4 Bxc5 18. g6 Be6 19. Bxg7+ Kg8 20. gxf7+ Qxf7 21.
Bd4+ Kh7 22. Qxf7+ Bxf7 23. Bxc5 1-0

[Event "Titled Tue 27th May Early"]
[Site "chess.com INT"]
[Date "2025.05.27"]
[Round "5"]
[White "Luong Phuong Hanh"]
[Black "Tilahun, Abel Mathewos"]
[Result "1-0"]
[WhiteTitle "WIM"]
[BlackTitle "CM"]
[WhiteElo "2144"]
[BlackElo "1944"]
[WhiteFideId "12401013"]
[BlackFideId "15702391"]
[EventDate "2025.05.27"]

1. d4 d5 2. c4 e6 3. Nf3 Nf6 4. g3 Be7 5. Bg2 O-O 6. O-O dxc4 7. Qc2 a6 8. a4
Bd7 9. Qxc4 Bc6 10. Bf4 Bd5 11. Qc1 c6 12. Nc3 Bxf3 13. Bxf3 a5 14. Rd1 Nd5 15.
Bd2 Nd7 16. e4 Nb4 17. Bf4 Qb6 18. Be3 Qc7 19. d5 exd5 20. exd5 Ne5 21. Bg2 Bd6
22. dxc6 bxc6 23. Ne4 Rad8 24. Bf4 f6 25. Nxd6 Rxd6 26. Rxd6 Qxd6 27. Qc3 Nd5
28. Bxe5 fxe5 29. Qxa5 h5 30. Rd1 Qb4 31. Bxd5+ 1-0

[Event "Titled Tue 27th May Early"]
[Site "chess.com INT"]
[Date "2025.05.27"]
[Round "5"]
[White "Jimenez Salas, Maria Teresa"]
[Black "Dauer, Andre Leonardo"]
[Result "0-1"]
[WhiteTitle "WIM"]
[BlackTitle "CM"]
[WhiteElo "2137"]
[BlackElo "2138"]
[WhiteFideId "3843866"]
[BlackFideId "2126915"]
[EventDate "2025.05.27"]

1. e4 e6 2. d4 d5 3. Nc3 Nf6 4. Bg5 Be7 5. e5 Nfd7 6. Bxe7 Qxe7 7. f4 a6 8. Nf3
c5 9. dxc5 Nc6 10. Qd2 Nxc5 11. Bd3 b5 12. a3 f6 13. exf6 Qxf6 14. O-O O-O 15.
Ne5 Bb7 16. Nxc6 Bxc6 17. Rae1 Rae8 18. Qe3 d4 19. Qe5 Qxe5 20. Bxh7+ Kxh7 21.
Rxe5 Nd7 22. Rh5+ Kg8 23. Ne2 e5 0-1

[Event "Titled Tue 27th May Early"]
[Site "chess.com INT"]
[Date "2025.05.27"]
[Round "5"]
[White "Rothuis, Vincent"]
[Black "Ristic, Nebojsa M"]
[Result "1-0"]
[WhiteTitle "IM"]
[BlackTitle "IM"]
[WhiteElo "2346"]
[BlackElo "2248"]
[WhiteFideId "1011936"]
[BlackFideId "900850"]
[EventDate "2025.05.27"]

1. e4 e6 2. d4 d5 3. Nc3 Bb4 4. e5 c5 5. a3 Bxc3+ 6. bxc3 Ne7 7. Qg4 Qc7 8. Qxg7
Rg8 9. Qxh7 cxd4 10. Ne2 Nbc6 11. f4 Bd7 12. Qd3 dxc3 13. Qxc3 d4 14. Nxd4 Nd5
15. Qc5 Nxd4 16. Qxd4 Qxc2 17. Bd2 Bc6 18. Rc1 Qf5 19. Bd3 Qh5 20. Be4 Bb5 21.
Bf3 Qg6 22. g3 Rd8 23. Qe4 Qg7 24. Rc5 Bc6 25. Qc2 f6 26. Bh5+ Kf8 27. Rxd5 Bxd5
28. Bb4+ Qe7 29. Bxe7+ Kxe7 30. Qh7+ 1-0

[Event "Titled Tue 27th May Early"]
[Site "chess.com INT"]
[Date "2025.05.27"]
[Round "5"]
[White "Sathvik Adiga"]
[Black "Martinez Alcantara, Jose Eduardo"]
[Result "0-1"]
[WhiteTitle "IM"]
[BlackTitle "GM"]
[WhiteElo "2341"]
[BlackElo "2611"]
[WhiteFideId "25745700"]
[BlackFideId "3805662"]
[EventDate "2025.05.27"]

1. e4 c5 2. Nf3 d6 3. d4 cxd4 4. Nxd4 a6 5. Nc3 e6 6. Be3 b5 7. a3 Bb7 8. g4 Ne7
9. Bg2 Nbc6 10. f4 Nxd4 11. Bxd4 Nc6 12. Be3 Be7 13. Qe2 O-O 14. g5 Rc8 15. h4
Na5 16. Bd4 e5 17. fxe5 dxe5 18. Bxe5 Nc4 19. Rd1 Qa5 20. Bd4 Nxb2 21. Rb1 Na4
22. Rh3 Nxc3 23. Qd2 b4 24. Rb3 Nb5 25. axb4 Qd8 26. Bb2 Qxd2+ 27. Kxd2 Nd6 28.
Kc1 Rfe8 29. e5 Bxg2 30. Rhg3 Bd5 31. Rbd3 Nf5 32. Rg4 Be6 33. Rf4 Rc4 34. Rxc4
Bxc4 35. Rd7 Bxb4 36. h5 Be6 37. Rb7 Be7 38. g6 hxg6 39. hxg6 fxg6 40. Kd2 g5
41. Ke2 g4 42. Kf2 g3+ 43. Kf1 Bc4+ 44. Kg1 Bc5+ 45. Kg2 Bd5+ 46. Kh3 Bxb7 47.
Bd4 Bxd4 48. c3 Be3 49. e6 Bf3 50. e7 g5 51. c4 g4# 0-1

[Event "Titled Tue 27th May Early"]
[Site "chess.com INT"]
[Date "2025.05.27"]
[Round "5"]
[White "Vasilenok, Anton"]
[Black "Asish Panda"]
[Result "0-1"]
[WhiteTitle "CM"]
[WhiteElo "2137"]
[BlackElo "1911"]
[WhiteFideId "34133124"]
[BlackFideId "45012458"]
[EventDate "2025.05.27"]

1. e4 e6 2. d3 c5 3. Nd2 Nc6 4. Ngf3 g6 5. g3 Bg7 6. Bg2 Nge7 7. O-O O-O 8. c3
d6 9. Re1 e5 10. a4 h6 11. Nc4 Be6 12. Ne3 f5 13. Nh4 f4 14. Nd5 g5 15. Nxe7+
Nxe7 16. Nf5 Nxf5 17. exf5 Bxf5 18. Bxb7 Rb8 19. Bd5+ Kh8 20. Qh5 Qf6 21. g4
Bxd3 22. f3 Rfe8 23. Kg2 Bg6 24. Qh3 e4 25. fxe4 Re5 26. Qf3 Rbe8 27. Bd2 Qe7
28. c4 Bxe4 29. Bxe4 Rxe4 30. Bc3 Bxc3 31. Qxc3+ Kg8 32. Rxe4 Qxe4+ 33. Qf3 Qe2+
34. Qf2 Qxc4 35. Re1 Qd5+ 0-1

[Event "Titled Tue 27th May Early"]
[Site "chess.com INT"]
[Date "2025.05.27"]
[Round "5"]
[White "Cardozo Munar, Carlos Eduardo"]
[Black "Nan, M K Khine Hlyan"]
[Result "1-0"]
[WhiteTitle "FM"]
[BlackTitle "WFM"]
[WhiteElo "2052"]
[BlackElo "1984"]
[WhiteFideId "4409477"]
[BlackFideId "13002899"]
[EventDate "2025.05.27"]

1. g3 e5 2. Bg2 d5 3. b4 e4 4. a3 f5 5. Bb2 Nf6 6. e3 c5 7. Ne2 cxb4 8. axb4
Bxb4 9. O-O Be7 10. d3 O-O 11. c4 dxc4 12. dxe4 fxe4 13. Nec3 Qb6 14. Qc2 Nc6
15. Nxe4 Nb4 16. Qc3 Nbd5 17. Qc2 Nb4 18. Qxc4+ Kh8 19. Nxf6 Bxf6 20. Bxf6 Rxf6
21. Nc3 Be6 22. Qb5 Qxb5 23. Nxb5 a6 24. Nc7 Rb8 25. Rfb1 Bf5 26. Rxb4 Rc6 27.
Nxa6 h5 28. Bxc6 Rd8 29. Rxb7 Bg4 30. h4 Kh7 31. Nc5 Rc8 32. Be4+ Kh6 33. Rb6+
g6 34. Rxg6+ 1-0

[Event "Titled Tue 27th May Early"]
[Site "chess.com INT"]
[Date "2025.05.27"]
[Round "5"]
[White "Aloma Vidal, Robert"]
[Black "Matskevich, Varvara"]
[Result "0-1"]
[WhiteTitle "IM"]
[BlackTitle "WFM"]
[WhiteElo "2374"]
[BlackElo "1988"]
[WhiteFideId "2260409"]
[BlackFideId "13523465"]
[EventDate "2025.05.27"]

1. h4 d5 2. d4 Nf6 3. Bf4 e6 4. e3 Be7 5. Nc3 a6 6. g4 c5 7. g5 Nfd7 8. Qf3 Nc6
9. Nge2 cxd4 10. exd4 Qb6 11. O-O-O Qa5 12. h5 b5 13. Nxd5 exd5 14. Qxd5 Bb7 15.
Bh3 Nb6 16. Qb3 Nb4 17. Rhe1 Bd5 18. Qe3 Nc4 19. Qb3 Nxa2+ 20. Kb1 O-O 21. Nc1
Nxc1 22. Rxe7 Nxb3 23. cxb3 Nb6 24. Bd2 b4 0-1

[Event "Titled Tue 27th May Early"]
[Site "chess.com INT"]
[Date "2025.05.27"]
[Round "5"]
[White "Emeliantsev, Anatoliy"]
[Black "Martinez Fernandez, Adrian"]
[Result "1-0"]
[WhiteTitle "FM"]
[BlackTitle "IM"]
[WhiteElo "2359"]
[BlackElo "2404"]
[WhiteFideId "4160681"]
[BlackFideId "32049048"]
[EventDate "2025.05.27"]

1. d4 Nf6 2. c4 c5 3. Nc3 cxd4 4. Qxd4 Nc6 5. Qd2 g6 6. b3 Bg7 7. Bb2 O-O 8. e4
d6 9. Be2 b6 10. Nf3 Bb7 11. O-O Qc8 12. Rac1 Rd8 13. Nd5 Nxe4 14. Qc2 Nc5 15.
Bxg7 Kxg7 16. Qb2+ Kg8 17. Nd4 Re8 18. Rfe1 Nxd4 19. Qxd4 Bxd5 20. cxd5 a5 21.
Bb5 e5 22. dxe6 Rxe6 23. Bc4 Rxe1+ 24. Rxe1 Qd8 25. h4 Ra7 26. Re3 Rd7 27. Bd5
Re7 28. Qf6 Re8 29. Bxf7+ Kf8 30. Rxe8+ 1-0

[Event "Titled Tue 27th May Early"]
[Site "chess.com INT"]
[Date "2025.05.27"]
[Round "5"]
[White "Korneev Leskova, Svyatoslav"]
[Black "Mata Gonzalez, Jose Fernando"]
[Result "0-1"]
[WhiteTitle "CM"]
[BlackTitle "CM"]
[WhiteElo "2172"]
[BlackElo "2164"]
[WhiteFideId "22267565"]
[BlackFideId "5107423"]
[EventDate "2025.05.27"]

1. c4 e6 2. Nf3 d5 3. g3 Nf6 4. Bg2 Be7 5. O-O O-O 6. b3 dxc4 7. bxc4 c5 8. Nc3
Nc6 9. Rb1 a6 10. Na4 Rb8 11. Nb6 Nd7 12. Nxc8 Qxc8 13. d4 cxd4 14. Nxd4 Nxd4
15. Qxd4 Rd8 16. Be3 Bc5 17. Qc3 Bxe3 18. Qxe3 Nc5 19. Rb6 Qc7 20. Rfb1 h6 21.
h4 Rd7 22. Bf3 Rd1+ 23. Rxd1 Qxb6 24. Kg2 Qc7 25. g4 Rc8 26. g5 hxg5 27. hxg5
Qe7 28. Rh1 e5 29. Bg4 Ne6 30. Qh3 Nf4+ 0-1

[Event "Titled Tue 27th May Early"]
[Site "chess.com INT"]
[Date "2025.05.27"]
[Round "5"]
[White "Goncharov, Vladimir"]
[Black "Rossi, Maximiliano"]
[Result "1-0"]
[WhiteElo "2077"]
[BlackElo "2013"]
[WhiteFideId "34162256"]
[BlackFideId "113425"]
[EventDate "2025.05.27"]

1. d4 Nf6 2. c4 g6 3. Nc3 d5 4. cxd5 Nxd5 5. e4 Nxc3 6. bxc3 Bg7 7. Bc4 O-O 8.
Ne2 c5 9. O-O cxd4 10. cxd4 Nc6 11. Be3 Bg4 12. f3 Na5 13. Rc1 Bd7 14. Bd3 Rc8
15. Qd2 b6 16. Ba6 Rxc1 17. Rxc1 Qa8 18. Bg5 e6 19. Qc3 Qc6 20. Kf2 Qa4 21. Qc2
Bxd4+ 22. Nxd4 Qxd4+ 23. Be3 Qe5 24. Qc7 Qxc7 25. Rxc7 Rd8 26. Rxa7 Ba4 27. Bxb6
Nc6 28. Bxd8 Nxa7 29. Bb6 Bb5 30. Bxb5 Nxb5 31. a4 Nd6 32. a5 Nc8 33. Bc5 1-0